Valuations in connection with the compulsory acquisition of land for arterial roads and street widenings (Record no. 90628)

MARC details
000 -LEADER
fixed length control field 00681cam a2200217 4500
001 - CONTROL NUMBER
control field B839
008 - FIXED-LENGTH DATA ELEMENTS--GENERAL INFORMATION
fixed length control field 090401t1925 xxu||||| |||| 00| 0 eng d
035 ## - SYSTEM CONTROL NUMBER
System control number (Sirsi) u38232
041 ## - LANGUAGE CODE
Language code of text/sound track or separate title eng
050 ## - LIBRARY OF CONGRESS CALL NUMBER
Classification number 333.332
110 ## - MAIN ENTRY--CORPORATE NAME
Corporate name or jurisdiction name as entry element College of Estate Management
9 (RLIN) 400
245 ## - TITLE STATEMENT
Title Valuations in connection with the compulsory acquisition of land for arterial roads and street widenings
260 ## - PUBLICATION, DISTRIBUTION, ETC.
Place of publication, distribution, etc. London
Name of publisher, distributor, etc. College of Estate Management
Date of publication, distribution, etc. 1925
300 ## - PHYSICAL DESCRIPTION
Extent 32p. ; 22cm.
350 ## - PRICE (NR) (BK AM CF MU VM SE) [OBSOLETE]
Price 0
650 ## - SUBJECT ADDED ENTRY--TOPICAL TERM
Topical term or geographic name entry element Compulsory purchase
9 (RLIN) 6228
650 ## - SUBJECT ADDED ENTRY--TOPICAL TERM
Topical term or geographic name entry element PROPERTY-INFRASTRUCTURE-TRANSPORT INFRASTRUCTURE-ROAD INFRASTRUCTURE
650 ## - SUBJECT ADDED ENTRY--TOPICAL TERM
Topical term or geographic name entry element Valuation
9 (RLIN) 6273
942 ## - ADDED ENTRY ELEMENTS (KOHA)
Suppress in OPAC 0
948 ## - LOCAL PROCESSING INFORMATION (OCLC); SERIES PART DESIGNATOR (RLIN)
c (OCLC) 04/03/1997
Holdings
Withdrawn status Lost status Source of classification or shelving scheme Damaged status Not for loan Home library Current library Shelving location Date acquired Total Checkouts Full call number Barcode Date last seen Copy number Price effective from Koha item type
    Other/Generic Classification Scheme     London London Basement 13/08/1991   RESERVE SHELVES 30008480 06/08/2019 1 06/08/2019 Book